Statistiken für Bundesliga 2022/23 - alle eingesetzten Spieler

Klicken Sie hier um das Quiz zu spielen!

Allgemein

  • Dieses Quiz wurde 122 mal gespielt
  • Das Durchschnittsergebnis liegt bei 224 aus 508

Antwortstatistiken

Antwort% Korrekt
Manuel Neuer
89%
Emre Can
85%
Florian Müller
85%
Gregor Kobel
85%
Mats Hummels
85%
Thomas Müller
85%
Yann Sommer
85%
Matthias de Ligt
84%
Donyell Malen
83%
Jamal Musiala
83%
Joshua Kimmich
83%
Keven Schlotterbeck
83%
Leon Goretzka
83%
Marco Reus
83%
Nico Schlotterbeck
83%
Sebastien Haller
83%
Benjamin Pavard
82%
Niklas Süle
82%
Serge Gnabry
82%
Stefan Bell
82%
Dayot Upamecano
81%
Eric Maxim Choupo Moting
81%
Kingsley Coman
81%
Leroy Sane
81%
Marcel Sabitzer
81%
Sadio Mane
81%
Sidi Sane
81%
Sven Ulreich
81%
Alphonso Davies
80%
Jude Bellingham
80%
Julian Brandt
77%
Noussair Mazraoui
77%
Raphael Guerreiro
77%
Giovanni Reyna
76%
Josip Stanisic
76%
Kevin Trapp
76%
Nicolai Rapp
76%
Anthony Modeste
75%
Timo Werner
75%
Bouna Sarr
74%
Hannes Wolf
74%
Marius Wolf
74%
Christopher Nkunku
73%
Jonas Hofmann
73%
Matthys Tel
73%
Philipp Hofmann
73%
Alexander Meyer
72%
Marcus Thuram
72%
Salih Özcan
72%
Emil Forsberg
70%
Lucas Hernandez
70%
Niclas Füllkrug
70%
Patrik Schick
70%
Randal Kolo Muani
70%
Thomas Meunier
70%
Thorgan Hazard
70%
Vincenzo Grifo
70%
Youssoufa Moukoko
70%
Andre Silva
69%
Joao Cancelo
69%
Lukas Klostermann
69%
Mario Götze
69%
Moussa Diaby
69%
Ryan Gravenberch
69%
Andrej Kramaric
68%
Florian Wirtz
68%
Jonathan Schmid
68%
Josko Gvardiol
68%
Julian Ryerson
68%
Lukas Hradecky
68%
Romano Schmid
68%
Willi Orban
68%
Alassane Plea
67%
Christian Günter
67%
Dani Olmo
67%
David Raum
67%
Jeremie Frimpong
67%
Jonathan Tah
67%
Karim Adeyemi
67%
Konrad Laimer
67%
Matthias Ginter
67%
Oliver Baumann
67%
Rafal Gikiewicz
67%
Angelino
66%
Daichi Kamada
66%
Jiri Pavlenka
66%
Mark Flekken
66%
Ralf Fährmann
66%
Alexander Schwolow
65%
Edmond Tapsoba
65%
Finn Ole Becker
65%
Kevin Kampl
65%
Marcel Halstenberg
65%
Michael Gregoritsch
65%
Ramy Bensebaini
65%
Sheraldo Becker
65%
Frederik Rönnow
64%
Koen Casteels
64%
Lars Stindl
64%
Marvin Schwäbe
64%
Peter Gulacsi
64%
Soumaila Coulibaly
64%
Tanguy Coulibaly
64%
Dominik Szoboszlai
63%
Marius Bülter
63%
Yussuf Poulsen
63%
Daley Blind
61%
Ellyes Skhiri
61%
Jonas Omlin
61%
Makoto Hasebe
61%
Rafael Borre
61%
Sebastian Rode
61%
Arne Maier
60%
Benjamin Henrichs
60%
Christoph Kramer
60%
Evan Ndicka
60%
Jamie Bynoe Gittens
60%
Jonas Hector
60%
Manuel Riemann
60%
Marvin Ducksch
60%
Mohamed Simakan
60%
Davie Selke
59%
Exequiel Palacios
59%
Ihlas Bebou
59%
Jesper Lindström
59%
Ko Itakura
59%
Manu Kone
59%
Nico Elvedi
59%
Ozan Kabak
59%
Robert Andrich
59%
Amadou Haidara
58%
Borna Sosa
58%
Christopher Trimmel
58%
Ermedin Demirovic
58%
Florian Kainz
58%
Janis Blaswich
58%
Rani Khedira
58%
Tuta
58%
Wataru Endo
58%
Djibril Sow
57%
Kenneth Schmidt
57%
Konstantinos Mavropanos
57%
Lucas Höler
57%
Lucas Tousart
57%
Niklas Schmidt
57%
Christoph Baumgartner
56%
Dodi Lukebakio
56%
Robin Zentner
56%
Roland Sallai
56%
Sardar Azmoun
56%
Simon Terodde
56%
Stefan Lainer
56%
Adam Hlozek
55%
Alex Kral
55%
Amine Adli
55%
Florian Niederlechner
55%
Kerem Demirbay
55%
Marco Friedl
55%
Maxence Lacroix
55%
Maximilian Arnold
55%
Mitchell Weiser
55%
Nils Petersen
55%
Philipp Lienhart
55%
Ritsu Doan
55%
Robin Knoche
55%
Tomas Koubek
55%
Callum Hudson Odoi
53%
Finn Dahmen
53%
Florian Neuhaus
53%
Jonas Wind
53%
Nadiem Amiri
53%
Silas
53%
Timo Baumgartl
53%
Xaver Schlager
53%
Charles Aranguiz
52%
John Anthony Brooks
52%
Karim Onisiwo
52%
Maya Yoshida
52%
Oliver Christensen
52%
Paul Wanner
52%
Hiroki Ito
51%
Jae Sung Lee
51%
Mahmoud Dahoud
51%
Nicolas Höfler
51%
Piero Hincapie
51%
Serhou Guirassy
51%
Stevan Jovetic
51%
Tom Rothe
51%
Felix Nmecha
50%
Kevin Behrens
50%
Lucas Alario
50%
Lukas Nmecha
50%
Mitchell Bakker
50%
Munas Dabbur
50%
Reece Oxford
50%
Steffen Tigges
50%
Arijon Ibrahimovic
49%
Aurelio Buta
49%
Joe Scally
49%
Kevin Prince Boateng
49%
Marvin Plattenhardt
49%
Niklas Stark
49%
Oliver Burke
49%
Pavel Kaderabek
49%
Peter Pekarik
49%
Ridle Baku
49%
Rodrigo Zalazar
49%
Ansgar Knauff
48%
Danilho Doekhi
48%
Jonjoe Kenny
48%
Luca Netz
48%
Robert Gumny
48%
Tobias Sippel
48%
Waldemar Anton
48%
Benno Schmitz
47%
Iago
47%
Robert Skov
47%
Sargis Adamyan
47%
Sebastian Polter
47%
Tiago Tomas
47%
Diogo Leite
45%
Jakub Kaminski
45%
Josip Juranovic
45%
Kevin Vogt
45%
Ludovic Ajorque
45%
Marcin Kaminski
45%
Marton Dardai
45%
Mergim Berisha
45%
Anthony Losilla
44%
Christopher Lenz
44%
Genki Haraguchi
44%
Jessic Ngankam
44%
Kristian Pedersen
44%
Leandro Barreiro
44%
Mads Pedersen
44%
Marc Oliver Kempf
44%
Niklas Dorsch
44%
Odilon Kossounou
44%
Ondrej Duda
44%
Paulinho
44%
Tom Krauß
44%
Almamy Toure
43%
Chris Führich
43%
Filip Kostic
43%
Jeffrey Gouweleeuw
43%
Jonathan Burkardt
43%
Jordan
43%
Julian Weigl
43%
Kristijan Jakic
43%
Leonardo Bittencourt
43%
Marco Richter
43%
Marcus Ingvartsen
43%
Maximilian Eggestein
43%
Maximilian Mittelstädt
43%
Omar Marmoush
43%
Sven Michel
43%
Thomas Ouwejan
43%
Timothy Chandler
43%
Woo-yeong Jeong
43%
Aaron Martin
42%
Fabian Bredlow
42%
Kenan Karaman
42%
Moritz Jenz
42%
Sebastiaan Bornauw
42%
Suat Serdar
42%
Dan Axel Zagadou
41%
Dominick Drexler
41%
Jannes Horn
41%
Jerome Roussillon
41%
Max Kruse
41%
Micky van de Ven
41%
Örjan Nyland
41%
Ruben Vargas
41%
Cedric Brunner
40%
Christian Groß
40%
Daley Sinkgraven
40%
Felix Passlack
40%
Julian Baumgartlinger
40%
Kevin Stöger
40%
Lennart Grill
40%
Marvin Friedrich
40%
Silvan Widmer
40%
Timo Hübers
40%
Andras Schäfer
39%
Diadie Samassekou
39%
Ermin Bicakcic
39%
Felix Uduokhai
39%
Georginio Rutter
39%
Henning Matriciani
39%
Junior Dina Ebimbe
39%
Kasper Dolberg
39%
Luca Pellegrini
39%
Michael Zetterer
39%
Patrick Herrmann
39%
Patrick Wimmer
39%
Philipp Max
39%
Timothy Fosu Mensah
39%
Yannick Gerhardt
39%
Alexander Sorloth
38%
Anton Stach
38%
Cristian Gamboa
38%
Danny Da Costa
38%
Dominik Kohr
38%
Jan Olschowsky
38%
Jens Stage
38%
Julien Duranville
38%
Mattias Svanberg
38%
Simon Zoller
38%
Stanley Nsoki
38%
Takuma Asano
38%
Thomas Delaney
38%
Wilfried Kanga
38%
Anthony Caci
36%
Danilo Soares
36%
Dennis Geiger
36%
Gerrit Holtmann
36%
Josha Vagnoman
36%
Karim Bellarabi
36%
Linton Maina
36%
Aymen Barkok
35%
Fredrik Jensen
35%
Janik Haberer
35%
Joel Pohjanpalo
35%
Julian Chabot
35%
Kevin Akpoguma
35%
Luca Kilian
35%
Paulo Otavio
35%
Ricardo Pepi
35%
Sepp van den Berg
35%
Aissa Laidouni
34%
Andre Hahn
34%
Andrey Lunev
34%
Enzo Millot
34%
Jacob Bruun Larsen
34%
Jan Thielmann
34%
Konstantinos Stafylidis
34%
Milos Veljkovic
34%
Morten Thorsby
34%
Paxten Aaronson
34%
Sasa Kalajdzic
34%
Stefan Posch
34%
Abdou Diallo
33%
Amos Pieper
33%
Daniel Caligiuri
33%
Daniel Kofi Kyereh
33%
Dejan Ljubicic
33%
Dion Beljo
33%
Ivan Ordets
33%
Lukas Kübler
33%
Manuel Gulde
33%
Maximilian Philipp
33%
Nathan Ngoumou
33%
Antonios Papadopoulos
32%
Arne Engels
32%
Hrvoje Smolcic
32%
Ilia Gruev
32%
Jean Paul Boetius
32%
Josuha Guilavogui
32%
Tolga Cigerci
32%
Anthony Jung
31%
Edimilson Fernandes
31%
Hugo Novoa
31%
Jordan Larsson
31%
Kingsley Schindler
31%
Michael Frey
31%
Sebastian Rudy
31%
Vladimir Darida
31%
Andreas Hahnche Olsen
30%
Carlos Gruezo
30%
Ivan Sunjic
30%
Kiliann Sildillia
30%
Mark Uth
30%
Atakan Karazor
28%
Danny Latza
28%
Dominique Heintz
28%
Filip Uremovic
28%
Florent Mollet
28%
Lee Buchanan
28%
Maximilian Bauer
28%
Nelson Weiper
28%
Tony Jantschke
28%
Alexander Hack
27%
Angelo Stiller
27%
Elvis Rexhbecaj
27%
Erhan Masovic
27%
Eric Martel
27%
Gabriel Vidovic
27%
Grischa Prömel
27%
Jamie Leweling
27%
Josip Brekalo
27%
Agustin Rogel
26%
Chidera Ejuke
26%
Christopher Antwi Adjei
26%
Diant Ramaj
26%
Kevin Schade
26%
Luca Waldschmidt
26%
Milos Pantovic
26%
Florian Dietz
25%
Niko Gießelmann
25%
Paul Jaeckel
25%
Raphael Framberger
25%
Felix Agu
24%
Myziane Maolida
24%
Noah Weißhaupt
24%
Renato Veiga
24%
Denis Huseinbasic
23%
Eder Balanta
23%
Pascal Stenzel
23%
Darko Churlinov
22%
Faride Alidou
22%
Kelvin Yeboah
22%
Mehmet Aydin
22%
Philipp Förster
22%
Pierre Kunde
22%
Soichiro Kozuki
22%
Dimitrios Limnios
20%
Frederik Winther
20%
Hugo Siquet
20%
Kerim Calhanoglu
20%
Kevin Paredes
20%
Luca Pfeiffer
20%
Mathias Olesen
20%
Tjark Ernst
20%
Jere Uronen
19%
Jordi Osei Tutu
19%
Maxim Leitsch
19%
Tim Skarke
19%
Yannik Keitel
19%
Fabio Chiarodia
18%
Jean Manuel Mbom
18%
Justin Njinmah
18%
Kilian Fischer
18%
Kingsley Ehizibue
18%
Nikolas Nartey
18%
Gil Dias
17%
Leo Greiml
17%
Marlon Mustapha
17%
Merlin Röhl
17%
Silvere Ganvoula
17%
Tim Lemperle
17%
Tom Bischof
17%
Tymoteusz Puchacz
17%
Yvandro Borges Sanches
17%
Delano Burgzorg
16%
Juan Jose Perea
16%
Malick Thiaw
16%
Marco Pasalic
16%
Patrick Osterhage
16%
Paul Seguin
16%
David Colina
15%
Eduardo Quaresma
15%
Eren Dinkci
15%
Levin Öztunali
15%
Nicolas Cozza
15%
Nikola Soldo
15%
Robert Wagner
15%
Rocco Reitz
15%
Tobias Mohr
15%
Ibrahim Maza
14%
Niklas Tauer
14%
Derry Scherhant
13%
Moritz Broschinski
13%
Vasilios Lampropoulos
13%
Angelo Fulgini
11%
Laurin Ulrich
11%
Naouirou Ahamada
11%
Oscar Fraulo
11%
Pascal Klemens
11%
Saidy Janko
11%
Alou Kuol
10%
Andreas Ivan
10%
Bartol Franjic
10%
Eniss Shabani
10%
Keke Topp
10%
Lilian Egloff
10%
Muhammed Damar
10%
Nathanael Mbuku
10%
Brajan Gruda
9%
Dario Gebuhr
9%
Justin Diehl
9%
Marcel Wenig
9%
Thomas Kastanaras
9%
Clinton Mola
8%
Jacek Goralski
8%
Kimberly Ezekwem
8%
Noah Sarenren Bazee
8%
Tim Oermann
8%
Florian Flick
7%
Semir Telalovic
7%
Timothee Kolodziejczak
7%
Aster Vrancx
6%
Fisnik Asllani
6%
Irvin Cadona
6%
Lukas Petkov
6%
Veit Stange
6%
Lukas Ambros
5%
Tony Rölke
5%
Dzenan Pejcinovic
2%
Umut Tohumci
1%

Verteilung der Resultate

Perzentil nach korrekt beantworteten Fragen

Anzahl Personen mit jedem Resultat

Ihre Resultats-Entwicklung

Sie haben dieses Quiz noch nicht gespielt